Encyclopedia of fish physiology : From genome to environment
Functional articles address the traditional aspects of fish physiology that are common to all areas of vertebrate physiology including: Reproduction, Respiration, Neural (Sensory, Central, Effector), Endocrinology, Renal, Cardiovascular, Acid-base Balance, Osmoregulation, Ionoregulation, Digestion,...
সংরক্ষণ করুন:
| প্রধান লেখক: | |
|---|---|
| বিন্যাস: | গ্রন্থ |
| ভাষা: | Undetermined |
| প্রকাশিত: |
Amsterdam
Elsevier
2011
|
| বিষয়গুলি: | |
| ট্যাগগুলো: |
ট্যাগ যুক্ত করুন
কোনো ট্যাগ নেই, প্রথমজন হিসাবে ট্যাগ করুন!
|
| Thư viện lưu trữ: | Trung tâm Học liệu Trường Đại học Cần Thơ |
|---|
| LEADER | 00962nam a2200229Ia 4500 | ||
|---|---|---|---|
| 001 | CTU_227067 | ||
| 008 | 210402s9999 xx 000 0 und d | ||
| 020 | |c 14446500 | ||
| 082 | |a 571.1703 | ||
| 082 | |b F245/Vol.1 | ||
| 100 | |a Farrell, Anthony Peter | ||
| 245 | 0 | |a Encyclopedia of fish physiology : | |
| 245 | 0 | |b From genome to environment | |
| 245 | 0 | |c Editor-in-chief, Anthony P. Farrell | |
| 260 | |a Amsterdam | ||
| 260 | |b Elsevier | ||
| 260 | |c 2011 | ||
| 520 | |a Functional articles address the traditional aspects of fish physiology that are common to all areas of vertebrate physiology including: Reproduction, Respiration, Neural (Sensory, Central, Effector), Endocrinology, Renal, Cardiovascular, Acid-base Balance, Osmoregulation, Ionoregulation, Digestion, Metabolism, Locomotion, and so on. | ||
| 650 | |a Cá,Fishes | ||
| 650 | |x Sinh lý học,Physiology | ||
| 910 | |b nthai | ||
| 980 | |a Trung tâm Học liệu Trường Đại học Cần Thơ | ||